Sanat - "Tuuli hiljaa henkäilee" - Statistics

Yleistilastot
  • Tätä visaa on pelattu 12 kertaa
  • Keskiarvotulos 32 / 44
Vastaustilastot
Vastaus % Oikein
aalto
100%
avaa
100%
henkäilee
100%
hiljaa
100%
kevät
100%
kevät
100%
laulelee
100%
nyt
100%
nyt
100%
on
100%
on
100%
pikkulintu
100%
silmät
100%
suruton
100%
Tuuli
100%
unestaan
100%
välkkyilee
100%
vapaa
100%
vuokko
88%
hymyten
75%
kaino
75%
kaunis
75%
kaunokukat
63%
nousee
63%
Pursi
63%
sen
63%
soutajaa
63%
kaikuvi
50%
kiikuttaa
50%
kuvussaan
50%
kylvää
50%
kyntää
50%
maamies
50%
pehmeään
50%
peltoon
50%
riemulaulu
50%
siementään
50%
sorjasti
50%
hiuksiaan
38%
kasteniityllen
38%
koristavat
38%
kukkakimpuillaan
38%
lapset
38%
verraton
38%
Ehtoja vastaavia visoja ei löytynyt
Tulosjakauma
Jokaisen tuloksen saaneiden osuus
Persentiili vastausten määrän mukaan
Tuloshistoriasi
Et ole pelannut tätä visaa